Countries Containing 'Democratic' - Statistics

General Stats
  • This quiz has been taken 48 times
  • The average score is 3 of 10
Answer Stats
Answer % Correct
Democratic Republic of Congo
95%
Democratic People's Republic of Korea
62%
Lao People's Democratic Republic
38%
Democratic Republic of Vietnam
29%
Federal Democratic Republic of Nepal
21%
People's Democratic Republic of Algeria
19%
Federal Democratic Republic of Ethiopia
14%
Democratic Republic of Timor-Leste
12%
Democratic Socialist Republic of Sri Lanka
12%
Democratic Republic of São Tomé and Príncipe
5%
No matching quizzes found
Score Distribution
Percent of People with Each Score
Percentile by Number Answered
Your Score History
You have not taken this quiz